书目信息 |
| 题名: |
中国动物志
|
|
| 作者: | 陆宝麟 编著 | |
| 分册: | 第8卷 | |
| 出版信息: | 北京 科学出版社 1997.10 |
|
| 页数: | 566页 | |
| 开本: | 26cm | |
| 丛书名: | ||
| 单 册: | ||
| 中图分类: | Q969.44 | |
| 科图分类: | ||
| 主题词: | 昆虫学:分类学 | |
| 电子资源: | ||
| ISBN: | 7-03-005636-1 | |
| 000 | 00604nam0 2200205 45 | |
| 001 | 0261795155 | |
| 005 | 2002040917095496 | |
| 010 | @a7-03-005636-1@dRMB 142.00 | |
| 100 | @a20020409d1997 km y0chiy0120 ea | |
| 101 | 0 | @achi |
| 102 | @aCN@b110000 | |
| 200 | 1 | @a中国动物志@Azhong guo dong wu zhi@e昆虫纲@f陆宝麟等编著@Flu bao lin deng bian zhu@h第8卷 |
| 210 | @a北京@c科学出版社@d1997.10 | |
| 215 | @a566页@d26cm | |
| 517 | @a昆虫纲@Akun chong gang | |
| 606 | 0 | @a昆虫学:分类学 |
| 690 | @aQ969.44@v3 | |
| 701 | 0 | @a陆宝麟@Alu bao lin@4编著 |
| 801 | 0 | @aCN@bPFT@c20020409 |
| 905 | @a10447@dQ969.44@eL830 | |
| 中国动物志:昆虫纲/陆宝麟等编著.第8卷.-北京:科学出版社,1997.10 |
| 566页;26cm |
| ISBN 7-03-005636-1:RMB 142.00 |
| ● |
| 相关链接 |
|
|
|
正题名:中国动物志
索取号:Q969.44/L830
 
预约/预借
| 序号 | 登录号 | 条形码 | 馆藏地/架位号 | 状态 | 备注 |
| 1 | 358124 | 203581249 | 自科库401/401自科库 38排2列2层/ [索取号:Q969.44/L830] | 在馆 | |
| 2 | 358125 | 203581258 | 自科库401/401自科库 38排2列2层/ [索取号:Q969.44/L830] | 在馆 |